Stratégie obmedzovania spotreby tabakových výrobkov vo vybraných krajinách EÚ bakalárska práca

Enregistré dans:
Détails bibliographiques
Auteur principal: Rakovická, Zuzana
Collectivité auteur: Fakulta medzinárodných vzťahov EU. Katedra medzinárodných ekonomických vzťahov a hospodárskej diplomacie
Autres auteurs: Valačai, Peter, 1989-
Format: Livre
Langue:slovaque
Publié: Bratislava 2017
Tags: Ajouter un tag
Pas de tags, Soyez le premier à ajouter un tag!

MARC

LEADER 00000nbm a2200000 4500
001 0235390
005 20180221152553.6
041 0 |a slo 
044 |a SK 
245 1 0 |a Stratégie obmedzovania spotreby tabakových výrobkov vo vybraných krajinách EÚ  |b bakalárska práca  |c Zuzana Rakovická ; školiteľ: Peter Valačai 
264 1 |a Bratislava  |c 2017 
300 |a 44 s. 
100 1 |a Rakovická, Zuzana 
700 1 |a Valačai, Peter, 1989- 
710 2 |a Fakulta medzinárodných vzťahov EU. Katedra medzinárodných ekonomických vzťahov a hospodárskej diplomacie